Roll Over Beethoven by Chuck Berry Lyrics - Statistics

General Stats
  • This quiz has been taken 12 times
  • The average score is 84 of 143
Answer Stats
Lyrics % Correct
a
100%
A
100%
I
100%
And
88%
and
88%
Beethoven
88%
I'm
88%
in
88%
it
88%
over
88%
Roll
88%
the
88%
to
88%
You
88%
you
88%
Go
75%
my
75%
My
75%
new
75%
news
75%
Tell
75%
Blue
63%
get
63%
got
63%
it's
63%
little
63%
on
63%
play
63%
rock
63%
Tchaikovsky
63%
Well
63%
DJ
50%
Don't
50%
giving
50%
gonna
50%
jockey
50%
letter
50%
local
50%
record
50%
shoes
50%
Suede
50%
want
50%
when
50%
write
50%
your
50%
blues
38%
Blues
38%
Dig
38%
early
38%
Hey
38%
if
38%
jumping
38%
like
38%
morning
38%
move
38%
reel
38%
rhythm
38%
Rhythm
38%
step
38%
these
38%
today
38%
up
38%
again
25%
Ain't
25%
diddle
25%
feel
25%
fiddle
25%
gotta
25%
hear
25%
jukebox
25%
just
25%
know
25%
lose
25%
lover
25%
nothing
25%
one
25%
then
25%
warning
25%
with
25%
Yeah
25%
beating
13%
blows
13%
further
13%
fuse
13%
heart's
13%
rising
13%
singin'
13%
soul
13%
temperature's
13%
another
0%
keeps
0%
trifle
0%
No matching quizzes found
Score Distribution
Percent of People with Each Score
Percentile by Number Answered
Your Score History
You have not taken this quiz